000 00305nam a22001217a 4500
082 _a894.812.3
_bPAL/O
100 _aPALLIPPURAL , C P
245 _aOONJALO CHAKKIYAMMA
_bNADAN PATTUKAL
260 _aTHRISSUR
_bH&C PUBLISHING HOUSE
300 _a64
650 _aMALAYALAM NADAN PATUKAL
_zKERALA
942 _cBK
999 _c1257
_d1257